| 000 | 00716nam a2200229 u 4500 | ||
|---|---|---|---|
| 005 | 20220622063541.0 | ||
| 008 | 080512s2004 ve r 000 0 spa d | ||
| 020 | _a9800108815 | ||
| 035 | _aUPN01000155827 | ||
| 049 | _aI | ||
| 050 | 4 |
_aPZ76.3 _bP3.7 2004 |
|
| 100 | 1 |
_aPantin, Yolanda, _d1954- _936388 |
|
| 245 | 1 | 0 |
_aRatón y vampiro en el castillo / _cYolanda Pantin ; il. Marcela Cabrera. |
| 250 | _a3a ed. | ||
| 260 |
_aCaracas : _bMonte Avila, _c2004. |
||
| 300 |
_a[30] p. : _bprincipalmente il. col. |
||
| 440 | 0 |
_aPrimera dimensión. _pRoja |
|
| 650 | 0 |
_aAnimales _vCuentos y leyendas _9234 |
|
| 650 | 4 |
_aRATONES - _vLITERATURA INFANTIL _910248 |
|
| 700 | 1 |
_aCabrera, Marcela, _eil. |
|
| 905 | _aInfantil | ||
| 999 |
_c127941 _d127941 |
||